| 000 | 02591nam0a2200397 4500 | ||
|---|---|---|---|
| 001 | RU\NLR\BIBL_A\022678824 | ||
| 005 | 20260426072205.0 | ||
| 010 |
_a978-5-00199-012-3 _9100 |
||
| 021 |
_aRU _bКН-П-25-063218 _9КН-П-25-6119 |
||
| 035 | _a(NLR Aleph) 022678824 | ||
| 090 |
_a13692671 _c13692671 |
||
| 100 | _a20251203d2025 k y0rusy50 ca | ||
| 101 | 0 | _arus | |
| 102 | _aRU | ||
| 105 | _aa|||z|||010yy | ||
| 181 | 0 |
_ai3 _baxxe |
|
| 182 | 0 | _an | |
| 200 | 1 |
_aЭтимологическое и этнолингвистическое исследование топонимов и культуронимов Курского региона как ценностного ядра ментальности и самоидентификации курян (к 1000-летию основания г. Курска) _eмонография _f[Малыхина Т. М., Кузьмина А. В.] _gМинистерство науки и высшего образования Российской Федерации, Федеральное государственное образовательное учреждение высшего образования "Курский государственный университет", Кафедра русского языка |
|
| 203 |
_aТекст _bвизуальный _cнепосредственный |
||
| 210 |
_aКурск _cИзд-во Курского государственного университета _d2025 |
||
| 215 |
_a165 с. _cил. _d21 |
||
| 300 | _aНа 4-й с. обл. авт.: Малыхина Т. М., канд. филол. наук, доц., Кузьмина А. В., канд. филол. наук, доц. | ||
| 300 | _aАвт. указаны на 2-й с. | ||
| 320 | _aБиблиогр.: с. 147-165 | ||
| 606 | 1 |
_aРусский язык _xТопонимика _yКурская область _92224041 _3RU\NLR\AUTH\661335262 |
|
| 606 | 1 |
_aЭтнолингвистика _91627375 _3RU\NLR\AUTH\661016864 |
|
| 686 | 1 | _aШГ141.12-314 | |
| 686 | 1 | _aШ100.33 | |
| 701 | 1 |
_aМалыхина _bТ. М. _gТатьяна Моисеевна |
|
| 701 | 1 |
_7ca _8rus _aКузьмина _bА. В. _cканд. филол. наук _gАлевтина Викторовна _9207460 _3RU\NLR\AUTH\770207513 |
|
| 712 | 0 | 2 |
_4570 _aКурский государственный университет _bКафедра русского языка _9684676 _3RU\NLR\AUTH\880512063 |
| 942 | _cBOOK | ||
| 980 | _aNB | ||